000 00661nam a2200205Ia 4500
001 22817
003 GE_BSU
008 181216s||||||||xx |||||||||||||| ||und||
040 _cGE_BSU
245 _aРеферативный журнал, №6.2018. Биология.
245 _bРаздел. Ботаника. Высшие растения.
245 _cгл.ред.РАН Р.В.Петров и др.
260 _aМосква
260 _c2018
300 _a28 стр. 30см.
653 _aПериодика
653 _aРеферативный журнал, №6.2018. Биология.
653 _aპერიოდიკა
942 _cCR
999 _c55722
_d55722